Simón Pedro, roca bíblica / (Registro nro. 127452)

Detalles MARC
000 -LEADER
campo de control de longitud fija 00636nam a2200217 4500
001 - NÚMERO DE CONTROL
campo de control 127452
003 - IDENTIFICADOR DE NÚMERO DE CONTROL
campo de control ES-MaACL
005 - FECHA Y HORA DE LA ÚLTIMA TRANSACCIÓN
campo de control 20250731000520.0
007 - CAMPO FIJO DE DESCRIPCIÓN FÍSICA--INFORMACIÓN GENERAL
campo de control de longitud fija t|
008 - DATOS DE LONGITUD FIJA--INFORMACIÓN GENERAL
campo de control de longitud fija 070214s1967 sp r ||||1| spa d
080 ## - NÚMERO DE LA CLASIFICACIÓN DECIMAL UNIVERSAL
Número de la Clasificación Decimal Universal 929 Pedro, San
100 1# - ENTRADA PRINCIPAL--NOMBRE DE PERSONA
Nombre de persona Ridolfi, Dominique.
9 (RLIN) 97062
245 10 - MENCIÓN DEL TÍTULO
Título Simón Pedro, roca bíblica /
Mención de responsabilidad, etc. Dominique Ridolfi ; [traducción de D.K.].
260 ## - PUBLICACIÓN, DISTRIBUCIÓN, ETC.
Lugar de publicación, distribución, etc. Bilbao :
Nombre del editor, distribuidor, etc. Ed. Paulinas,
Fecha de publicación, distribución, etc. 1967.
300 ## - DESCRIPCIÓN FÍSICA
Extensión 267 p. ;
Dimensiones 18 cm.
490 1# - MENCIÓN DE SERIE
Mención de serie Temas de hoy ;
Designación de volumen o secuencia 3
600 07 - PUNTO DE ACCESO ADICIONAL DE MATERIA--NOMBRE DE PERSONA
Nombre de persona Pedro,
Títulos y otros términos asociados al nombre Santo
Fuente del encabezamiento o término
9 (RLIN) 162517
830 1# - PUNTO DE ACCESO ADICIONAL DE SERIE-TÍTULO UNIFORME
Título uniforme Temas de hoy ;
Designación de volumen o secuencia 3
9 (RLIN) 184570
852 4# - LOCALIZACIÓN
Ubicación ES-MaACL
Número de control de estantería C-51385
Existencias
Estatus retirado Estado de pérdida Estado de daño No para préstamo Biblioteca de origen Biblioteca actual Ubicación en estantería Fecha de adquisición Fuente de adquisición Total de préstamos Signatura topográfica completa Código de barras Visto por última vez Precio de reemplazo Tipo de ítem Koha
        Biblioteca del Ateneo de Madrid Biblioteca del Ateneo de Madrid Depósito 2 17/01/2008     C-51385 1132749 23/02/2023 23/02/2023 Libro impreso